Países mais próximos de Emirados Árabes Unidos - Statistics

Estatísticas Gerais
  • Esse quiz foi jogado 105 vezes
  • A pontuação média é 16 de 20
Estatísticas das Respostas
km país % Correto
0 Arábia Saudita
100%
32 Catar
96%
0 Omã
95%
443 Iémen
94%
66 Irão
94%
529 Paquistão
93%
1206 Índia
89%
683 Iraque
89%
627 Afeganistão
88%
1488 Jordânia
88%
1515 Síria
88%
560 Kuweit
85%
158 Bahrein
84%
1234 Somália
70%
1562 Turquia
70%
1165 Turquemenistão
65%
1540 Azerbaijão
60%
1108 Eritreia
55%
1515 Djibouti
53%
1516 Sudão
48%
Nenhum quiz correspondente encontrado
Distribuição das Pontuações
Porcentagem de Pessoas com Cada Pontuação
Percentil de Números Respondidos
Sua Pontuação Histórica
Você não jogou esse quiz